| 000 | 00662nam a2200205 a 4500 | ||
|---|---|---|---|
| 005 | 20220617123415.0 | ||
| 008 | 991125s1969 mx 000 0 spa u | ||
| 035 | _aUPN01000054611 | ||
| 049 | _aSEP | ||
| 050 | 4 |
_aLB7 _bB5.6 no.88 |
|
| 100 | 1 | _aSánchez Angeles, Raúl | |
| 245 | 1 | 0 |
_aSociología rural / _cRaúl Sánchez Angeles, José Vitelio García Maldonado. |
| 260 |
_aMéxico : _bOasis : _bSEP, _c1969. |
||
| 300 | _a228 p. | ||
| 440 | 0 |
_aBiblioteca pedagógica de mejoramiento profesional ; _v88 |
|
| 650 | 4 |
_aCONDICIONES RURALES _910908 |
|
| 650 | 2 |
_aSociología rural _911477 |
|
| 700 | 1 |
_aGarcía Maldonado, José Vitelio, _ecoaut. |
|
| 905 | _aLibro | ||
| 999 |
_c54611 _d54611 |
||